000 00901nam0a22002531 4500
001 rc\3009344
005 20250805160813.4
035 _a(NLR Aleph) 007151981
090 _a7161158
_c7161158
100 _a20110922d1944 |||y0rusy50 ca
101 0 _arus
102 _aRU
105 _aa z |||||
200 1 _aРациональные методы ковки
_e(Опыт ленингр. заводов)
_fинж. Р.Р. Шван
210 _aСвердловск
_aМосква
_cМашгиз
_d1944
_eСвердловск
_g5-я тип. треста "Полиграфкнига"
215 _a73 с., включ. 1 с. обл.
_cчерт.
_d22 см
700 1 _aШван
_bР. Р.
801 0 _aRU
_bNLR
_gpsbo
801 1 _aRU
_bELAR
_2rusmarc
852 _aNLR
_jТ36 Г-6/173
942 _cBOOK
945 _aРоссийская национальная библиотека
980 _aNB
980 _aBV